000
00341nam a2200133Ia 4500
008
151213s9999 xx 000 0 und d
100
_a
J. B. Steare
245
_a
Literature in Perspective Tennyson
_c
J. B. Steare
260
_a
Delhi
_b
Doaba Book House
_c
-
300
_a
1886 p.
650
_a
English
700
_a
J. B. Steare
999
_c
1391
_d
1391